| 000 | 00409nam a2200169Ia 4500 | ||
|---|---|---|---|
| 008 | 230524s9999 xx 000 0 und d | ||
| 082 |
_a621.388 _bMAT |
||
| 100 | _aM.L.Mathur | ||
| 245 | 0 | _aInternal Combustion Engine | |
| 250 | _aIST | ||
| 260 |
_aNEW DELHI _b Dhanpaat Rai _c2008 |
||
| 300 | _aXX;1010 | ||
| 500 | _aQuantity Number: 29 | ||
| 650 | _aElectrical | ||
| 700 | _a R.P.Sharma | ||
| 942 | _cBK | ||
| 999 |
_c41621 _d41621 |
||